| 000 | 01217nam a22002897a 4500 | ||
|---|---|---|---|
| 999 |
_c81370 _d318647 |
||
| 003 | OSt | ||
| 005 | 20220809142846.0 | ||
| 008 | 030308s2014 le g 00000 ara dd | ||
| 020 | _a9789933232955 | ||
| 040 |
_aMa-Un _bara _cMa-Un |
||
| 082 | 0 | 4 |
_a237.17 _bط س م _221 |
| 100 | 1 |
_aالطبراني، سليمان بن أحمد بن أيوب، _d260-360 هـ. _95155 |
|
| 245 | 1 | 0 |
_aمسند الشاميين / _cتأليف أبي القاسم سليمان بن أحمد بن أيوب اللخمي الطبراني ؛ حققه وخرج أحاديثه حمدي عبد المجيد السلفي. |
| 250 | _aط. 1. | ||
| 264 |
_aبيروت : _bمؤسسة الرسالة، _c2014 _m1435. |
||
| 300 |
_a4 مج. ؛ _c24 سم. |
||
| 504 | _aيشتمل على قائمة ببليوجرافية. | ||
| 650 | 7 |
_aالحديث _xمسند الطبراني _996741 |
|
| 650 | 7 |
_aالحديث _xمسانيد _951093 |
|
| 650 | 7 |
_aالحديث _xجمع وتدوين _996742 |
|
| 650 | 7 |
_aالحديث رواية _996743 |
|
| 650 | 7 |
_aالحديث، علوم _996744 |
|
| 650 | 7 |
_aالحديث _xالرواة _996745 |
|
| 700 | 1 |
_aالسلفي، حمدي عبد المجيد _eمحقق. _996716 |
|
| 942 |
_2ddc _cBOOK |
||
| 535 | 2 | _a3 | |